000 00755nac a22002051u 4500
008 100906t xxu||||| |||| 00| 0 eng d
020 _a8125909915
082 _a622.7
_bVIJ
100 _aVijayendra ,H.g.
_918110
245 _a A Handbook of Mineral Dressing /
_cH.G.Vijayendra.
250 _a2nd:
_bRevised ed.
260 _aDelhi:
_bVikas Publishing House,
_c2001
300 _a340 p.:
_bill. ;
_c22 cm.
504 _aIncludes Index.
511 _acatalogued by: wessam
650 _aOre-dressing.
_918111
700 _aVijayendra ,H.g.
_918112
942 _cBB
_k622.7 VIJ
_2ddc
999 _c2905
_d2905